| 000 | 00925nas a2200301 4500 | ||
|---|---|---|---|
| 001 | BR2013002170 | ||
| 003 | BR-BrBNA | ||
| 005 | 20231205122108.0 | ||
| 007 | ta | ||
| 008 | 230509b bl.|||p| |||| 00| 00por d | ||
| 040 |
_aBR-BrBNA _bpor _cBiblioteca Nacional de Agricultura |
||
| 041 | _a(Pt) | ||
| 072 | _aF62 | ||
| 100 | 1 | _aGouveia, E.J. | |
| 100 | 1 | _aRocha, R.B. | |
| 100 | 1 | _aLaviola, B.G. | |
| 100 | 1 | _aRamalho, A.R. | |
| 100 | 1 | _aFerreira, M. das G.R. | |
| 100 | 1 | _aDias, L.A. dos S. | |
| 245 | 1 | _aAumento da produção de grãos de pinhão-manso pela aplicação de benziladenina | |
| 650 | _aPINHÃO DE PURGA | ||
| 650 | _aREGULADOR DE CRESCIMENTO | ||
| 650 | _aFLORAÇÃO | ||
| 650 | _aPRODUTIVIDADE | ||
| 773 | 0 |
_tPesquisa Agropecuária Brasileira (Brazil) _xISSN 0100-204X _g(Oct 2012), V. 47(10) p. 1541-1545 _wBR2013002170 |
|
| 909 |
_a202311 _bLúcia _c55 _dLúcia Elande |
||
| 942 |
_2AGRIS _n0 _cANA |
||
| 999 |
_c226896 _d226896 |
||